000 00647nam a22002417a 4500
003 UA-OsUOA
001 27533
007 ta
008 20040826b un ||||| |||| 00| 0 ukr d
090 _a159.922
_bП86
942 _cBK
040 _aUA-OsUOA
_brus
_cUA-OsUOA
_dUA-OsUOA
245 _aПсихология сознания
_cСост. и общая редакция Л.В.Куликова
300 _a480 с.
_bІлюстрації
955 _a0
041 _arus
080 _a159.922
020 _a5-318-00040-1
260 _aСанкт-Петербург
_b:Питер
_c2001
044 _aRU
650 7 _2UDC
999 _c313879
_d313879